000 00641nam a2200229Ia 4500
003 OSt
005 20220928113433.0
006 a|||||r|||| 00| 0
007 ta
008 220927b |||||||| |||| 00| 0 eng d
024 _a44170
037 _cTextual
040 _aSDCL
_cSDCL
_beng
041 _2eng
_aeng
082 _aX9(J):6.2'N71t4, L7
100 _aReserve Bank of India
245 0 _aAll India dept & investment survey 1971-72
260 _aBombay
_bReserve Bank of India
_c1977
300 _avi,614p
_ccm.
942 _hX9(J):6.2'N71t4, L7
_cTEXL
_2CC
999 _c749494
_d749494